000 01305nam a22002297a 4500
999 _c57846
_d57846
003 Ge_BSU
005 20210316124525.0
008 210315s2020 ge ||||| |||| 00| 0 geo d
020 _a9789941468940
041 _ageo
080 _a008(495)''01/04'' + 94(495)''01/04'(=14'01) + 821.353.1.09 + 930.2(479.22) ბ-66
245 _aბიზანტინოლოგია საქართველოში - 4:
_bეძღვნება წმიდა ექვთიმე ღვთისკაცის (თაყაიშვილის) ხსოვნას /
_cრედაქტორები ნელი მახარაძე, თინა დოლიძე.
264 _aთბილისი :
_bლოგოსი,
_c2020.
300 _a646 გვ. :
_bსურ.,
_c23 სმ.
500 _aპარალ. სათაური ბერძნ. და ინგლ. ენ.
501 _aსაძიებელი გვ.618-646
653 _aბიზანტინოლოგია
653 _aექვთიმე ღვთისკაცი თაყაიშვილი
700 _aმახარაძე, ნელი
_eრედაქტორი
_910460
700 _aდოლიძე, თინა
_eრედაქტორი
_95529
942 _2udc
_cBK